000 00340nam a2200157Ia 4500
003 OSt
005 20231120082327.0
008 170524s9999 xx 000 0 und d
020 _a0-600-61261-9
040 _cIIMT
100 _aCastellon-Fernanda
245 0 _aLarousse Cocktails
260 _bHamlyn
260 _c2005
942 _2ddc
_c02
999 _c7351
_d7351